000 00364pab a2200145 454500
008 180718b1988 xxu||||| |||| 00| 0 eng d
100 _aMukhopadhyay, Durga Das
245 _aManaging tribal development
260 _c1988
300 _a51-9
362 _aJul.
650 _aTribes and Tribal System - India
773 _aMDI Management Journal
909 _a19680
999 _c19680
_d19680